[Event "World Open 2014"]
[Site "Arlington, VA"]
[Date "2014.07.05"]
[Round "6"]
[White "Brattain, Mika"]
[Black "Nagle, Sean"]
[Result "1/2-1/2"]
[WhiteElo "2285"]
[BlackElo "2411"]
[PlyCount "142"]
[EventDate "2014.07.??"]
[EventType "swiss"]
[EventRounds "9"]
[EventCountry "USA"]

1. Nf3 g6 2. c4 Bg7 3. Nc3 d6 4. d4 Bg4 5. e3 c6 6. Be2 Nf6 7. h3 Bxf3 8. Bxf3
O-O 9. O-O Nbd7 10. Qc2 Qc7 11. b3 Rab8 12. Bb2 a6 13. Rac1 Rfc8 14. Qe2 Qa5
15. Ba1 b5 16. Rfd1 c5 17. Nd5 Nxd5 18. Bxd5 e6 19. Bf3 cxd4 20. Bxd4 bxc4 21.
Bxg7 Kxg7 22. Rxc4 Rxc4 23. Qxc4 Ne5 24. Qe2 Nxf3+ 25. gxf3 Qh5 26. Kg2 Rb5 27.
Rd4 e5 28. Ra4 Qg5+ 29. Kh2 Rc5 30. Rc4 Rd5 31. Rc2 Qf5 32. Kg2 e4 33. f4 Rd3
34. Qg4 Qd5 35. Qg5 Qe6 36. Qg4 Qf6 37. Qe2 a5 38. Qe1 Qf5 39. Qa1+ Kh6 40. Qh8
Rd1 41. Qf8+ Kh5 42. Qc8 Qd5 43. Qc4 f5 44. Qxd5 Rxd5 45. Rc4 Rc5 46. Rd4 Rc2
47. a4 Rc6 48. Rd5 Rc3 49. Rxd6 Rxb3 50. Rd5 Rb1 51. Rxa5 Ra1 52. Ra7 h6 53. a5
Ra3 54. a6 Ra1 55. Ra8 Ra2 56. Kg3 Ra1 57. a7 Ra2 58. Kg2 Ra1 59. Kh2 Ra2 60.
Kg1 Ra1+ 61. Kg2 Ra3 62. Kf1 Ra2 63. Ke1 Ra1+ 64. Kd2 Ra3 65. Kc2 Ra4 66. Kc3
Ra1 67. Kd4 Ra2 68. Ke5 Ra1 69. Kf6 Ra2 70. Kg7 Ra1 71. Kf6 Ra2 1/2-1/2

[Event "World Open 2014"]
[Site "Arlington, VA"]
[Date "2014.07.05"]
[Round "6"]
[White "Bora, Safal"]
[Black "Bodek, Michael"]
[Result "0-1"]
[WhiteElo "2244"]
[BlackElo "2389"]
[PlyCount "86"]
[EventDate "2014.07.??"]
[EventType "swiss"]
[EventRounds "9"]
[EventCountry "USA"]

1. e4 c5 2. Nf3 d6 3. d4 cxd4 4. Nxd4 Nf6 5. Nc3 g6 6. Be3 Bg7 7. f3 O-O 8. Qd2
Nc6 9. g4 Be6 10. Nxe6 fxe6 11. O-O-O Rc8 12. h4 Qa5 13. Bc4 Nd8 14. Bb3 Nd7
15. Bd4 Bxd4 16. Qxd4 Rxf3 17. Rhf1 Rxf1 18. Rxf1 Qe5 19. Qf2 Qg7 20. a3 Nc5
21. Ba2 Nc6 22. Na4 Nb4 23. Nxc5 Nxa2+ 24. Kb1 Nc3+ 25. bxc3 Rxc5 26. Qd4 Qxd4
27. cxd4 Rc3 28. e5 Rh3 29. exd6 exd6 30. h5 gxh5 31. gxh5 Rxh5 32. Rf6 Rh1+
33. Kb2 Re1 34. d5 Kg7 35. Rf3 h5 36. dxe6 Rxe6 37. Rc3 Rh6 38. Rc7+ Kf6 39.
Rxb7 h4 40. Rb8 h3 41. Rf8+ Kg5 42. Rf1 h2 43. Rh1 Kg4 0-1

[Event "World Open 2014"]
[Site "Arlington, VA"]
[Date "2014.07.05"]
[Round "6"]
[White "Shen, Arthur"]
[Black "Yuvarajan, Prathiba"]
[Result "1-0"]
[WhiteElo "2331"]
[BlackElo "2194"]
[PlyCount "111"]
[EventDate "2014.07.??"]
[EventType "swiss"]
[EventRounds "9"]
[EventCountry "USA"]

1. d4 e6 2. e4 d6 3. Nc3 Nd7 4. f4 c5 5. Nf3 Be7 6. Be3 Ngf6 7. Qd2 cxd4 8.
Bxd4 O-O 9. O-O-O a6 10. e5 dxe5 11. fxe5 Nd5 12. Nxd5 exd5 13. Bf2 Nb8 14.
Qxd5 Qxd5 15. Rxd5 Be6 16. Rd1 Bxa2 17. b3 Ba3+ 18. Kd2 Bb2 19. Bd3 Rd8 20. Bb6
Rd7 21. Ba5 Nc6 22. Bc3 Bxc3+ 23. Kxc3 Rc8 24. Kb2 Nb4 25. Bf5 Rxd1 26. Rxd1
Rb8 27. c3 Bxb3 28. Kxb3 Nc6 29. Rd7 Kf8 30. Rc7 Ne7 31. Be4 b6 32. Rb7 Rxb7
33. Bxb7 a5 34. Be4 Ke8 35. Ka4 g6 36. Kb5 Kd7 37. Kxb6 a4 38. Kc5 a3 39. Bb1
Ke6 40. Kb4 Nd5+ 41. Kb3 Ne3 42. g3 Kd5 43. Bd3 h6 44. Kxa3 g5 45. Kb4 g4 46.
c4+ Ke6 47. Nd4+ Kxe5 48. Nc2 Nd1 49. c5 Nf2 50. Ne1 h5 51. Bc4 Ne4 52. Bxf7
Nf6 53. Kb5 Kd4 54. c6 Ne4 55. c7 Ke3 56. Kc6 1-0

[Event "World Open 2014"]
[Site "Arlington, VA"]
[Date "2014.07.05"]
[Round "6"]
[White "Goletiani, Rusudan"]
[Black "Wheeler, Cameron"]
[Result "0-1"]
[WhiteElo "2325"]
[BlackElo "2242"]
[PlyCount "145"]
[EventDate "2014.07.??"]
[EventType "swiss"]
[EventRounds "9"]
[EventCountry "USA"]

1. Nf3 Nf6 2. c4 c6 3. g3 d5 4. b3 Bf5 5. Bg2 e6 6. Bb2 Bd6 7. O-O O-O 8. d3 h6
9. Nc3 Nbd7 10. Rc1 Qe7 11. Re1 Bh7 12. Nd2 d4 13. Ncb1 Bc5 14. b4 Bxb4 15.
Bxd4 e5 16. Bc3 Bd6 17. Nf1 Rad8 18. Nbd2 Rfe8 19. Rb1 Nc5 20. Nb3 Qd7 21. Na5
Rc8 22. Nd2 b6 23. Nab3 Ne6 24. Bh3 Rcd8 25. c5 Bc7 26. Nc4 Qe7 27. Bb4 bxc5
28. Bd2 e4 29. Nba5 Nd4 30. Be3 Bxa5 31. Nxa5 Qc7 32. Nb7 exd3 33. exd3 Rb8 34.
Bxd4 Rxe1+ 35. Qxe1 cxd4 36. Nc5 Rxb1 37. Qxb1 Qb6 38. Qc2 Qb4 39. Kf1 Nd5 40.
Nd7 Qb5 41. Qb3 Bxd3+ 42. Ke1 Qa5+ 43. Kd1 Nc3+ 44. Kd2 Nxa2+ 45. Kd1 Bb5 46.
Qb2 Nc3+ 47. Kc1 Ne2+ 48. Kd1 d3 49. Nc5 Nc3+ 50. Kc1 Na4 51. Qe5 Qc3+ 52. Qxc3
Nxc3 53. Bf5 Kf8 54. Bxd3 Bxd3 55. Nxd3 Ke7 56. Kc2 Nb5 57. Kb3 Kd6 58. Kc4 Nc7
59. Nc5 Ne6 60. Nd3 g5 61. f4 gxf4 62. gxf4 f6 63. Nf2 f5 64. Nd3 h5 65. h4 a5
66. Ne5 Nxf4 67. Nf7+ Kd7 68. Ne5+ Kc7 69. Nf3 Ng6 70. Kc5 Kd7 71. Nd4 f4 72.
Nf3 Ke6 73. Nd4+ 0-1

[Event "World Open 2014"]
[Site "Arlington, VA"]
[Date "2014.07.05"]
[Round "6"]
[White "Denton, Bradley"]
[Black "Cooke, Eric"]
[Result "1-0"]
[WhiteElo "2319"]
[BlackElo "2151"]
[PlyCount "131"]
[EventDate "2014.07.??"]
[EventType "swiss"]
[EventRounds "9"]
[EventCountry "USA"]

1. d4 Nf6 2. c4 g6 3. Nc3 Bg7 4. e4 d6 5. Be2 O-O 6. Nf3 Nbd7 7. O-O e5 8. Be3
Ng4 9. Bg5 f6 10. Bd2 Nh6 11. dxe5 dxe5 12. b4 Kh8 13. c5 c6 14. Qb3 Qe7 15.
Rad1 Nf7 16. h4 Nd8 17. Be3 Re8 18. h5 g5 19. g3 Nf8 20. Nd2 Nfe6 21. Nc4 Nd4
22. Qb2 N8e6 23. Nd6 Rg8 24. Bg4 Bd7 25. Nf5 Qf7 26. Ne2 Rad8 27. h6 Bf8 28.
Nexd4 Nxd4 29. Bxd4 exd4 30. Rxd4 Bxf5 31. Bxf5 Rxd4 32. Qxd4 Bxh6 33. Rd1 Bg7
34. Kg2 h6 35. Qd7 Rf8 36. Be6 Qh5 37. Rh1 Qg6 38. Bf5 Qf7 39. Qxf7 Rxf7 40.
Rd1 Bf8 41. Rd8 Kg7 42. Ra8 a6 43. Rb8 a5 44. a3 axb4 45. axb4 Re7 46. Kf3 h5
47. Bc8 Kf7 48. Ke3 h4 49. gxh4 gxh4 50. f4 Kg6 51. Bxb7 h3 52. Bxc6 h2 53. e5
Bh6 54. Be4+ f5 55. Rb6+ Kg7 56. Rxh6 Kxh6 57. Bg2 Kh5 58. b5 Ra7 59. b6 Ra3+
60. Kf2 Kg4 61. Bd5 Rd3 62. b7 Rxd5 63. b8=Q h1=Q 64. Qg8+ Kxf4 65. Qg3+ Ke4
66. Qe3# 1-0

[Event "World Open 2014"]
[Site "Arlington, VA"]
[Date "2014.07.05"]
[Round "7.2"]
[White "Laznicka, Viktor"]
[Black "Azarov, Sergei"]
[Result "1/2-1/2"]
[WhiteElo "2679"]
[BlackElo "2617"]
[PlyCount "89"]
[EventDate "2014.07.??"]
[EventType "swiss"]
[EventRounds "9"]
[EventCountry "USA"]
[WhiteClock "0:27:33"]
[BlackClock "0:23:44"]

1. b3 e5 2. Bb2 Nc6 3. e3 Nf6 4. c4 d5 5. cxd5 Nxd5 6. a3 Bd6 7. d3 O-O 8. Nf3
Re8 9. Nbd2 Bf8 10. Be2 a5 11. Rc1 f6 12. O-O Be6 13. Ne4 Kh8 14. Qc2 Nb6 15.
Nfd2 Qd7 16. Nc4 Rad8 17. Rfd1 Qf7 18. Bf3 Rd7 19. Ng3 Ra8 20. Be4 Bd5 21. Bf5
Be6 22. Bxe6 Qxe6 23. Nxb6 cxb6 24. Qc4 Qxc4 25. bxc4 Rad8 26. Rc3 a4 27. Kf1
b5 28. Ke2 b4 29. axb4 Bxb4 30. Rc2 a3 31. Ba1 Bf8 32. Ne4 Nb4 33. Rcd2 Na6 34.
Nc3 Nc5 35. Nb5 Nb3 36. Rc2 Nxa1 37. Rxa1 Rxd3 38. Rca2 e4 39. Nxa3 Rc3 40. g4
h5 41. Nb5 Rxc4 42. Ra8 Rc2+ 43. Kf1 Rcc8 44. Rxc8 Rxc8 45. gxh5 1/2-1/2

[Event "World Open 2014"]
[Site "Arlington, VA"]
[Date "2014.07.05"]
[Round "7.3"]
[White "Lenderman, Aleksandr"]
[Black "Perez, Yuniesky"]
[Result "0-1"]
[WhiteElo "2593"]
[BlackElo "2655"]
[PlyCount "137"]
[EventDate "2014.07.??"]
[EventType "swiss"]
[EventRounds "9"]
[EventCountry "USA"]
[WhiteClock "0:04:18"]
[BlackClock "0:01:11"]

1. c4 e5 2. e3 Nf6 3. a3 d5 4. cxd5 Nxd5 5. Nf3 Bd6 6. Qc2 Qe7 7. d3 O-O 8. g3
c5 9. Bg2 Nc6 10. O-O Rd8 11. Nc3 Nf6 12. b3 Bg4 13. h3 Bf5 14. Ne4 Nxe4 15.
dxe4 Be6 16. Rd1 b5 17. Bf1 a6 18. Bd2 f6 19. a4 b4 20. Be1 Na5 21. Nd2 Qf7 22.
Rab1 g5 23. Rdc1 Be7 24. Nc4 Nxc4 25. Bxc4 Bxc4 26. Qxc4 Qxc4 27. Rxc4 Rd3 28.
Kf1 Rad8 29. Ke2 Kf7 30. Rcc1 a5 31. Rd1 c4 32. bxc4 Ra3 33. Rxd8 Bxd8 34. Rd1
Be7 35. Rd5 Rxa4 36. Rb5 Ke8 37. Bd2 Kd7 38. Rb7+ Kd8 39. f4 h5 40. fxe5 fxe5
41. Rb5 Ra1 42. Kd3 Ra3+ 43. Kc2 Ra2+ 44. Kd3 Bd6 45. Rd5 Ra3+ 46. Kc2 Kc7 47.
c5 Bf8 48. Rxe5 Kc6 49. Rxg5 Bxc5 50. Rd5 a4 51. g4 hxg4 52. hxg4 Ra1 53. Kd3
b3 54. Bc3 Rc1 55. Bb2 Rc2 56. Be5 Rg2 57. Kc4 Rc2+ 58. Kd3 Rg2 59. Kc4 Be7 60.
Ra5 Rc2+ 61. Kd3 Ra2 62. Kc4 Rc2+ 63. Kd3 a3 64. Ra8 Rg2 65. Bd4 b2 66. Ra6+
Kc7 67. Rb6 Bc5 68. Bxc5 a2 69. Bd4 0-1

[Event "World Open 2014"]
[Site "Arlington, VA"]
[Date "2014.07.05"]
[Round "7"]
[White "Holt, Conrad"]
[Black "Shimanov, Alex"]
[Result "1/2-1/2"]
[WhiteElo "2554"]
[BlackElo "2644"]
[PlyCount "152"]
[EventDate "2014.07.??"]
[EventType "swiss"]
[EventRounds "9"]
[EventCountry "USA"]

1. d4 Nf6 2. c4 g6 3. Nc3 Bg7 4. e4 O-O 5. Nf3 d6 6. h3 Na6 7. Bg5 Qe8 8. g4 h5
9. Nh2 c5 10. d5 e6 11. Qf3 Nh7 12. Bf4 exd5 13. cxd5 f5 14. Qe2 fxe4 15. Bxd6
Rf7 16. O-O-O hxg4 17. hxg4 Qd8 18. Nxe4 Qa5 19. Kb1 c4 20. Qxc4 Bd7 21. Qd3
Rc8 22. Qd2 Qb6 23. Bxa6 bxa6 24. Rhe1 Rc4 25. Ba3 Be5 26. f3 Ba4 27. Rc1 Bf4
28. Qxf4 Rxf4 29. Rxc4 Bd7 30. Bc5 Qa5 31. Bb4 Qxd5 32. Rcc1 Qb5 33. Bc3 Bc6
34. Nd2 Ng5 35. Re5 Qd3+ 36. Ka1 Nf7 37. Re6 Bd7 38. Re7 Qd6 39. Rce1 Ra4 40.
Ne4 Qxe7 41. Nf6+ Kf8 42. Rxe7 Kxe7 43. b3 Ra5 44. Ng8+ Kf8 45. Bxa5 Kxg8 46.
Bc7 Bb5 47. Kb2 Be2 48. Bf4 Nd8 49. Kc3 a5 50. Kd2 Bb5 51. Be3 Nc6 52. a4 Ba6
53. f4 Bc8 54. g5 Kf7 55. Nf3 Bg4 56. Nh4 a6 57. Kc3 Be6 58. Nf3 Bd5 59. Nd2
Ke6 60. Nc4 Kf5 61. Bd2 Ke6 62. Kd3 Ke7 63. Kc3 Ke6 64. Ne3 Be4 65. Kc4 Kd6 66.
Bc1 Bb1 67. Ba3+ Kd7 68. Bc5 Nd8 69. Bb6 Nc6 70. Nd5 Bf5 71. Kc5 Nb4 72. Nf6+
Kc8 73. Bxa5 Nd3+ 74. Kb6 Nxf4 75. Bd2 Nd3 76. Kxa6 Nc5+ 1/2-1/2

[Event "World Open 2014"]
[Site "Arlington, VA"]
[Date "2014.07.05"]
[Round "7"]
[White "Shabalov, Alexander"]
[Black "Maghami, Ehsan"]
[Result "1/2-1/2"]
[WhiteElo "2501"]
[BlackElo "2582"]
[PlyCount "64"]
[EventDate "2014.07.??"]
[EventType "swiss"]
[EventRounds "9"]
[EventCountry "USA"]

1. c4 c5 2. Nf3 Nc6 3. d4 cxd4 4. Nxd4 Nf6 5. Nc3 e6 6. a3 d5 7. cxd5 exd5 8.
g3 Be7 9. Bg2 O-O 10. O-O Re8 11. Bf4 Bg4 12. h3 Be6 13. Rc1 Rc8 14. Nxe6 fxe6
15. Qd3 Bd6 16. Rfd1 Bxf4 17. gxf4 Qe7 18. Nb5 g6 19. Rc3 a6 20. Nd4 Nxd4 21.
Qxd4 Rxc3 22. Qxc3 e5 23. fxe5 Qxe5 24. Qxe5 Rxe5 25. e3 Kf7 26. Rd4 Ke8 27.
Kf1 Kd7 28. Ke2 g5 29. Kd3 Kd6 30. Rb4 b5 31. h4 h6 32. f4 Rf5 1/2-1/2

[Event "World Open 2014"]
[Site "Arlington, VA"]
[Date "2014.07.05"]
[Round "7"]
[White "Shetty, Atulya"]
[Black "Paragua, Mark"]
[Result "0-1"]
[WhiteElo "2302"]
[BlackElo "2506"]
[PlyCount "56"]
[EventDate "2014.07.??"]
[EventType "swiss"]
[EventRounds "9"]
[EventCountry "USA"]

1. c4 g6 2. g3 Bg7 3. Bg2 c5 4. Nc3 Nc6 5. Nf3 d6 6. O-O Nf6 7. d4 O-O 8. dxc5
dxc5 9. Be3 Qa5 10. Nd5 e6 11. Bd2 Qd8 12. Nc3 e5 13. Bg5 Be6 14. Nd2 h6 15.
Bxf6 Bxf6 16. b3 Be7 17. Nd5 f5 18. Nxe7+ Qxe7 19. Bxc6 bxc6 20. Nf3 Rad8 21.
Qc1 f4 22. Nxe5 Bh3 23. Nxg6 Qe4 24. Nxf4 Rxf4 25. f3 Qe7 26. Qxf4 Qxe2 27.
Qg4+ Bxg4 28. Rae1 Qxa2 0-1

[Event "World Open 2014"]
[Site "Arlington, VA"]
[Date "2014.07.05"]
[Round "7"]
[White "Friedel, Joshua"]
[Black "Shmelov, Denys"]
[Result "1/2-1/2"]
[WhiteElo "2522"]
[BlackElo "2393"]
[PlyCount "81"]
[EventDate "2014.07.??"]
[EventType "swiss"]
[EventRounds "9"]
[EventCountry "USA"]

1. Nf3 Nf6 2. c4 c6 3. g3 d5 4. Bg2 g6 5. Qa4 dxc4 6. Qxc4 Bg7 7. O-O O-O 8. d3
Qd5 9. Qh4 Qh5 10. Qxh5 Nxh5 11. Nc3 Bg4 12. Rb1 Nd7 13. h3 Bxf3 14. Bxf3 Nhf6
15. b4 a6 16. a4 e6 17. Bb2 Nd5 18. Ne4 Bxb2 19. Rxb2 Rfd8 20. Rc1 Rac8 21. Bg2
Kg7 22. Ra1 N7f6 23. Nc5 Rc7 24. d4 Nd7 25. Nd3 Ra8 26. Rc1 Rac8 27. Rbc2 N7b6
28. e4 Nf6 29. e5 Ng8 30. b5 axb5 31. axb5 Ne7 32. Nb4 Nbd5 33. Bxd5 Nxd5 34.
Nxd5 exd5 35. Rc5 g5 36. R1c3 f6 37. exf6+ Kxf6 38. Kg2 Ke6 39. Re3+ Kd6 40.
bxc6 bxc6 41. Rf3 1/2-1/2

[Event "World Open 2014"]
[Site "Arlington, VA"]
[Date "2014.07.05"]
[Round "7"]
[White "Bodek, Michael"]
[Black "Batista, Lazaro"]
[Result "0-1"]
[WhiteElo "2389"]
[BlackElo "2696"]
[PlyCount "82"]
[EventDate "2014.07.??"]
[EventType "swiss"]
[EventRounds "9"]
[EventCountry "USA"]

1. e4 e5 2. Nf3 Nc6 3. Bc4 Bc5 4. c3 Nf6 5. d4 exd4 6. e5 d5 7. Be2 Ne4 8. cxd4
Bb6 9. O-O O-O 10. Be3 f6 11. Nbd2 Kh8 12. exf6 Qxf6 13. Nb3 Ne7 14. a4 c6 15.
a5 Bc7 16. a6 b6 17. Rc1 Bf5 18. Nbd2 h6 19. b4 Bd6 20. Qb3 Rae8 21. Kh1 Bb8
22. b5 cxb5 23. Bxb5 Rd8 24. Ne5 Bxe5 25. dxe5 Qxe5 26. Nf3 Qd6 27. Bd4 Bd7 28.
Qb2 Nf5 29. Bxd7 Nxd4 30. Qxd4 Rxd7 31. Ne5 Re7 32. f4 Nc5 33. Rce1 Kg8 34. g3
Rd8 35. Re2 Nxa6 36. f5 Qf6 37. g4 Nc5 38. Rfe1 Kh7 39. Re3 Ne4 40. Nf3 Qxd4
41. Nxd4 Rc8 0-1

[Event "World Open 2014"]
[Site "Arlington, VA"]
[Date "2014.07.05"]
[Round "7"]
[White "Gareyev, Timur"]
[Black "Mandizha, Farai"]
[Result "1/2-1/2"]
[WhiteElo "2640"]
[BlackElo "2385"]
[PlyCount "55"]
[EventDate "2014.07.??"]
[EventType "swiss"]
[EventRounds "9"]
[EventCountry "USA"]

1. d4 Nf6 2. c4 e6 3. Nc3 Bb4 4. e3 b6 5. Bd3 Bb7 6. Nf3 Ne4 7. O-O Bxc3 8.
bxc3 Nxc3 9. Qc2 Bxf3 10. gxf3 Qg5+ 11. Kh1 Qh5 12. Rg1 Qxf3+ 13. Rg2 f5 14.
Bb2 Ne4 15. Rf1 g6 16. Be2 Qh3 17. f3 Nf6 18. d5 O-O 19. Rfg1 Na6 20. Qc3 Qh6
21. dxe6 dxe6 22. Qe5 Rae8 23. Rg5 Rf7 24. Qb5 e5 25. Rxf5 Kf8 26. Rxf6 Rxf6
27. Qxa6 Qxe3 28. c5 1/2-1/2

[Event "World Open 2014"]
[Site "Arlington, VA"]
[Date "2014.07.05"]
[Round "7"]
[White "Shulman, Yury"]
[Black "Kaufman, Lawrence"]
[Result "1-0"]
[WhiteElo "2568"]
[BlackElo "2329"]
[PlyCount "115"]
[EventDate "2014.07.??"]
[EventType "swiss"]
[EventRounds "9"]
[EventCountry "USA"]

1. c4 c6 2. Nf3 d5 3. e3 Nf6 4. Nc3 e6 5. d4 Nbd7 6. Bd3 dxc4 7. Bxc4 b5 8. Bd3
Bd6 9. Bd2 O-O 10. Rc1 Bb7 11. Ng5 a6 12. Qc2 h6 13. Nce4 Be7 14. Nxf6+ Nxf6
15. Nh7 Re8 16. Nxf6+ Bxf6 17. Bh7+ Kh8 18. Be4 e5 19. dxe5 Bxe5 20. Bf3 a5 21.
Bc3 Bxc3+ 22. Qxc3 b4 23. Qd2 Qb6 24. O-O Red8 25. Qc2 Rd6 26. Qf5 Kg8 27. Be4
g6 28. Qf4 Re6 29. Bf3 Kg7 30. Rfd1 Rd8 31. h4 Rxd1+ 32. Rxd1 Qc5 33. Qb8 Ba6
34. Qa8 Bb5 35. Qxa5 Rd6 36. Rxd6 Qxd6 37. Qb6 Kf6 38. g3 Qd2 39. Qd4+ Qxd4 40.
exd4 Ke6 41. Bg2 g5 42. Kh2 Kf5 43. hxg5 hxg5 44. f3 Ke6 45. f4 Kf5 46. fxg5
Kxg5 47. Kg1 Kg4 48. Kf2 f6 49. Bf3+ Kh3 50. Bd1 Bc4 51. a3 bxa3 52. bxa3 Ba6
53. a4 Bc8 54. Be2 Bb7 55. a5 Kh2 56. a6 Ba8 57. Bf1 Kh1 58. Bh3 1-0

[Event "World Open 2014"]
[Site "Arlington, VA"]
[Date "2014.07.05"]
[Round "7"]
[White "Santarius, Erik"]
[Black "Vidal, Yuri"]
[Result "0-1"]
[WhiteElo "2332"]
[BlackElo "2546"]
[PlyCount "99"]
[EventDate "2014.07.??"]
[EventType "swiss"]
[EventRounds "9"]
[EventCountry "USA"]

1. e4 c5 2. Nf3 d6 3. d4 cxd4 4. Nxd4 Nf6 5. Nc3 g6 6. Be2 Bg7 7. O-O O-O 8.
Bg5 Nc6 9. Nb3 a6 10. Re1 b5 11. Bf1 Nd7 12. Qd2 Re8 13. a4 b4 14. Nd5 Bxb2 15.
Rab1 Bg7 16. Nxb4 Nxb4 17. Qxb4 Qc7 18. Qc4 Qxc4 19. Bxc4 Nb6 20. Nd2 Nxa4 21.
Bd5 Ra7 22. Rb8 Rc7 23. Nc4 Kf8 24. e5 dxe5 25. Nxe5 f6 26. Bc6 Rxc6 27. Nxc6
fxg5 28. Nxe7 Bd7 29. Rxe8+ Bxe8 30. Nd5 a5 31. Nc7 Bf7 32. Rb1 Nb2 33. Nb5 Be8
34. Na3 Bc3 35. Kf1 Ke7 36. Ke2 Ke6 37. Rh1 Bb4 38. Nb1 Bb5+ 39. Ke3 Ke5 40.
Kf3 Bc6+ 41. Kg3 a4 42. h4 g4 43. h5 Kf5 44. f3 Bd6+ 45. Kf2 g3+ 46. Ke3 a3 47.
hxg6 hxg6 48. Nc3 Bc5+ 49. Ke2 Bd4 50. Na2 0-1

[Event "World Open 2014"]
[Site "Arlington, VA"]
[Date "2014.07.05"]
[Round "7"]
[White "Kannappan, Priyadharshan"]
[Black "Sheng, Joshua"]
[Result "1/2-1/2"]
[WhiteElo "2443"]
[BlackElo "2050"]
[PlyCount "46"]
[EventDate "2014.07.??"]
[EventType "swiss"]
[EventRounds "9"]
[EventCountry "USA"]

1. b3 c5 2. Bb2 e6 3. Nf3 Nf6 4. e3 Be7 5. d4 cxd4 6. exd4 O-O 7. Bd3 b6 8. O-O
Ba6 9. c4 d5 10. Nbd2 Nbd7 11. Qe2 Rc8 12. Rac1 Re8 13. Rfd1 Bf8 14. Ne5 Bb7
15. Ndf3 dxc4 16. bxc4 g6 17. c5 Nxe5 18. dxe5 Nd5 19. Bb5 Bc6 20. Ba6 Rc7 21.
cxb6 axb6 22. Rxc6 Rxc6 23. Bb5 Rc8 1/2-1/2

[Event "World Open 2014"]
[Site "Arlington, VA"]
[Date "2014.07.05"]
[Round "7"]
[White "Kore, Akshayraj"]
[Black "Brattain, Mika"]
[Result "1/2-1/2"]
[WhiteElo "2482"]
[BlackElo "2285"]
[PlyCount "70"]
[EventDate "2014.07.??"]
[EventType "swiss"]
[EventRounds "9"]
[EventCountry "USA"]

1. d4 Nf6 2. Nf3 g6 3. Bg5 Bg7 4. Nbd2 O-O 5. e4 d6 6. c3 Nbd7 7. Bd3 e5 8. O-O
Qe8 9. h3 h6 10. Be3 b6 11. Re1 Bb7 12. Qc2 Kh8 13. a4 a5 14. b4 d5 15. dxe5
Nxe5 16. Nxe5 Qxe5 17. Nf3 Qh5 18. e5 Ne4 19. b5 f5 20. exf6 Bxf6 21. Nd4 Bh4
22. Rf1 Kh7 23. f3 Ng3 24. Rfe1 Rae8 25. Bf2 Bc8 26. c4 Qg5 27. Rxe8 Rxe8 28.
f4 Qf6 29. cxd5 Ne2+ 30. Nxe2 Qxa1+ 31. Kh2 Rxe2 32. Qxe2 Bxf2 33. Qxf2 Qxa4
34. Qh4 Qa3 35. Qd8 Qd6 1/2-1/2

[Event "World Open 2014"]
[Site "Arlington, VA"]
[Date "2014.07.05"]
[Round "7"]
[White "Milman, Lev"]
[Black "Vibbert, Sean"]
[Result "1-0"]
[WhiteElo "2441"]
[BlackElo "2316"]
[PlyCount "85"]
[EventDate "2014.07.??"]
[EventType "swiss"]
[EventRounds "9"]
[EventCountry "USA"]

1. e4 c5 2. Nf3 e6 3. d4 cxd4 4. Nxd4 Nc6 5. Nc3 Qc7 6. Be3 a6 7. Qd2 b5 8.
O-O-O Bb7 9. Bf4 Qc8 10. Nb3 Nf6 11. f3 Be7 12. Bd6 Bxd6 13. Qxd6 Qb8 14. Nc5
Qxd6 15. Rxd6 O-O-O 16. a4 b4 17. Nd1 Ne8 18. Rd2 a5 19. Ne3 Kc7 20. Bb5 d6 21.
Nxb7 Kxb7 22. Nc4 Kc7 23. Bxc6 Kxc6 24. Ne5+ Kc5 25. Nxf7 Nf6 26. e5 Nd5 27.
exd6 Rhf8 28. Nxd8 Rxd8 29. Re1 Rxd6 30. Rde2 Nc7 31. Re5+ Kb6 32. h4 h6 33.
Rd1 Nd5 34. Rd4 Rc6 35. Rg4 b3 36. c3 Ka6 37. Rxg7 Rd6 38. Rg4 Nb6 39. Rge4 h5
40. Rxe6 Rd7 41. Rd4 Rg7 42. Rdd6 Rd7 43. Rxb6+ 1-0

[Event "World Open 2014"]
[Site "Arlington, VA"]
[Date "2014.07.05"]
[Round "7"]
[White "Li, Ruifeng"]
[Black "Avendano, Paul"]
[Result "0-1"]
[WhiteElo "2305"]
[BlackElo "2241"]
[PlyCount "138"]
[EventDate "2014.07.??"]
[EventType "swiss"]
[EventRounds "9"]
[EventCountry "USA"]

1. e4 c5 2. Nf3 d6 3. d4 cxd4 4. Nxd4 Nf6 5. Nc3 Nc6 6. Bg5 Bd7 7. Qd3 h6 8.
Nxc6 Bxc6 9. Be3 e6 10. Be2 Be7 11. O-O O-O 12. f4 d5 13. e5 Nd7 14. Kh1 a6 15.
Bd4 Bc5 16. Rad1 Bxd4 17. Qxd4 Qb6 18. Qxb6 Nxb6 19. Kg1 Rfd8 20. Rd4 Nd7 21.
a4 b6 22. Kf2 Kf8 23. Re1 Ke7 24. Rb4 Bb7 25. Bd3 Rdc8 26. f5 Rc5 27. Rg4 Rg8
28. f6+ Kf8 29. Bh7 g6 30. Bxg8 Kxg8 31. Rh4 Kh7 32. Rd4 g5 33. h4 Kg6 34. hxg5
hxg5 35. Re2 Nb8 36. Rb4 Nd7 37. Re1 a5 38. Rd4 Nb8 39. Rd2 Ba6 40. Nd1 Nc6 41.
c3 Rc4 42. Kg3 Rxa4 43. Nf2 Kf5 44. Nh3 Rg4+ 45. Kh2 Re4 46. Rxe4 dxe4 47. g4+
Kxe5 48. Nxg5 e3 49. Rc2 Kxf6 50. Nf3 Bd3 51. Rc1 Ne5 52. Kg3 Be4 53. Nxe5 Kxe5
54. Re1 f5 55. gxf5 exf5 56. Kh2 f4 57. Kg1 Bd3 58. Kg2 Ke4 59. Ra1 f3+ 60. Kg3
f2 61. Kg2 b5 62. Rh1 f1=Q+ 63. Rxf1 Bxf1+ 64. Kxf1 Kd3 65. Ke1 a4 66. Kd1 e2+
67. Ke1 Ke3 68. c4 bxc4 69. b4 c3 0-1

[Event "World Open 2014"]
[Site "Arlington, VA"]
[Date "2014.07.05"]
[Round "7"]
[White "Balakrishnan, Praveen"]
[Black "Goletiani, Rusudan"]
[Result "0-1"]
[WhiteElo "2151"]
[BlackElo "2325"]
[PlyCount "68"]
[EventDate "2014.07.??"]
[EventType "swiss"]
[EventRounds "9"]
[EventCountry "USA"]

1. e4 c5 2. Nf3 e6 3. d3 d6 4. g3 g6 5. Bg2 Bg7 6. O-O Nc6 7. c3 e5 8. a3 Nge7
9. b4 a6 10. Bb2 O-O 11. Nbd2 h6 12. Nb3 b6 13. bxc5 dxc5 14. Qc2 Be6 15. Rad1
Rc8 16. Ba1 Qd7 17. Ne1 Rfd8 18. Nc1 c4 19. d4 Qd6 20. d5 Na5 21. Ne2 Nb3 22.
Bb2 f5 23. f3 Bd7 24. Qb1 Rf8 25. Nc2 fxe4 26. fxe4 Qc5+ 27. Kh1 Rxf1+ 28. Bxf1
Bg4 29. Re1 Nd2 30. Qc1 Nxf1 31. Kg2 Rf8 32. Rxf1 Bxe2 33. Rxf8+ Bxf8 34. Qd2
Bd3 0-1

[Event "World Open 2014"]
[Site "Arlington, VA"]
[Date "2014.07.05"]
[Round "7"]
[White "Yuvarajan, Prathiba"]
[Black "Malhotra, Akshay"]
[Result "1-0"]
[WhiteElo "2194"]
[BlackElo "2001"]
[PlyCount "67"]
[EventDate "2014.07.??"]
[EventType "swiss"]
[EventRounds "9"]
[EventCountry "USA"]

1. e4 c5 2. Nf3 d6 3. d4 cxd4 4. Nxd4 Nf6 5. Nc3 g6 6. Be3 Bg7 7. f3 O-O 8. Qd2
Nc6 9. g4 Be6 10. O-O-O Ne5 11. Bh6 Qa5 12. Bxg7 Kxg7 13. g5 Nfd7 14. f4 Nc6
15. Nxe6+ fxe6 16. h4 Nc5 17. h5 e5 18. hxg6 hxg6 19. f5 Nxe4 20. f6+ Nxf6 21.
gxf6+ Rxf6 22. Qh6+ Kf7 23. Qh7+ Ke8 24. Qg8+ Rf8 25. Qxg6+ Kd7 26. Bh3+ Kc7
27. Nd5+ Kb8 28. Rhf1 Rd8 29. Kb1 a6 30. Rf7 Rh8 31. Nxe7 Nxe7 32. Qxd6+ Ka7
33. Qxe7 Rab8 34. Bg2 1-0

[Event "World Open 2014"]
[Site "Arlington, VA"]
[Date "2014.07.06"]
[Round "8.2"]
[White "Nyzhnyk, Illia"]
[Black "Laznicka, Viktor"]
[Result "1-0"]
[WhiteElo "2628"]
[BlackElo "2679"]
[PlyCount "65"]
[EventDate "2014.07.??"]
[EventType "swiss"]
[EventRounds "9"]
[EventCountry "USA"]
[WhiteClock "0:35:03"]
[BlackClock "0:00:13"]

1. d4 d6 2. Nf3 f5 3. g3 Nf6 4. Bg2 g6 5. O-O Bg7 6. b3 O-O 7. Bb2 c6 8. Nbd2
a5 9. a4 Na6 10. Re1 Qc7 11. c3 e5 12. dxe5 dxe5 13. e4 Rd8 14. Qe2 fxe4 15.
Ng5 Nc5 16. Qc4+ Rd5 17. Ndxe4 Ncxe4 18. Nxe4 Nxe4 19. Bxe4 Be6 20. Bxd5 Bxd5
21. Qe2 Qf7 22. f4 Bxb3 23. fxe5 Re8 24. Qd3 Bd5 25. Ba3 Bxe5 26. Rab1 Bc4 27.
Qe3 Re6 28. Qa7 Qe8 29. Qxa5 b5 30. Rbd1 Bd5 31. Bc5 Bd6 32. Bf2 bxa4 33. c4
1-0